书目信息 |
| 题名: |
世界地名
|
|
| 作者: | 鲁姆 著 ;杨德业 译 | |
| 分册: | ||
| 出版信息: | 北京 测绘出版社 1982.11 |
|
| 页数: | 284页 | |
| 开本: | 19cm | |
| 丛书名: | ||
| 单 册: | ||
| 中图分类: | K91-61 | |
| 科图分类: | ||
| 主题词: | 地理--世界 | |
| 电子资源: | ||
| ISBN: | ||
| 000 | 00569nam0 2200205 45 | |
| 001 | 0405120860 | |
| 005 | 20070730115335.29 | |
| 010 | @dCNY1.00 | |
| 091 | @a17039.新239 | |
| 100 | @a20040512d1982 km y0chiy0120 ea | |
| 101 | 0 | @achi |
| 200 | 1 | @a世界地名@AShi Jie Di Ming@f(澳)艾德里安·鲁姆著@F(Ao)Ai De Li An·Lu Mu Zhu@g杨德业等译 |
| 210 | @a北京@c测绘出版社@d1982.11 | |
| 215 | @a284页@d19cm | |
| 606 | 0 | @a地理@x世界 |
| 690 | @aK91-61@v3 | |
| 701 | 0 | @a鲁姆@4著 |
| 702 | 0 | @a杨德业@AYang De Ye@4译 |
| 801 | @aCN@bTSTCL@c20070730 | |
| 905 | @f1@b137068@dK91-61@e46 | |
| 世界地名/(澳)艾德里安·鲁姆著/杨德业等译.-北京:测绘出版社,1982.11 |
| 284页;19cm |
| ISBN :CNY1.00 |
| ● |
| 相关链接 |
|
|
|
|
正题名:世界地名
索取号:K91-61/46
 
预约/预借
| 序号 | 登录号 | 条形码 | 馆藏地/架位号 | 状态 | 备注 |
| 1 | 0137068 | 000079015 | 密集书库/ [索取号:K91-61/46] | 在馆 | |
| 2 | 0137069 | 202193321 | 密集书库/ [索取号:K91-61/46] | 在馆 | |
| 3 | 0137070 | 000079024 | 第二样本阅览室/ [索取号:K91-61/46] | 在馆 | |
| 4 | 0462254 | 204622541 | 密集书库/ [索取号:K91-61/46] | 在馆 | |
| 5 | 0462255 | 204622550 | 密集书库/ [索取号:K91-61/46] | 在馆 | |
| 6 | 0466821 | 204668216 | 密集书库/ [索取号:K91-61/46] | 在馆 | |
| 7 | 0786396 | 207863962 | 密集书库/ [索取号:K91-61/46] | 在馆 |